00675nam a22002057a 450000500170000001000150001702000260003203500140005803700090007208200080008110000140008924500900010325000060019326000580019927001130025730000200037070000270039070000260041770000260044320250403161017.0 aENG-144506 c850.00a9789390996438 aEN-128038 bDBAD a363 aC Suresh  aBusiness Enviroment and Technological Innovation-Emerging Trends/cC Suresh...[et.al] a1 bArchers & Elevators Publishing HouseaBangalorec2021 a131 AGB Lay Out, 6"Cross, Hesaraghatta,Main RoadbBangaloree560090k9164362263marcherselevators@gamail.com a202p.c25cm(pb) aM. Ganesh BabueAuthor aSomani, ParineAuthor aNagarjuna, B.eAuthor